LIBRARY & INFORMATION CENTRE, KCAET, TAVANUR

ONLINE PUBLIC ACCESS CATALOGUE (OPAC)

A study of the dringking water supply system in K.C.A.E.T campus - problems and solutions (Record no. 15140)

MARC details
000 -LEADER
fixed length control field 00843nam a22002177a 4500
003 - CONTROL NUMBER IDENTIFIER
control field OSt
088 ## - REPORT NUMBER
Report number P 226
100 ## - MAIN ENTRY--AUTHOR NAME
Personal name AISWARYA M. V
245 ## - TITLE STATEMENT
Title A study of the dringking water supply system in K.C.A.E.T campus - problems and solutions
260 ## - PUBLICATION, DISTRIBUTION, ETC. (IMPRINT)
Place of publication Tavanur 2011
Name of publisher Department of Land and Water Resources and Conservation Engineering
300 ## - PHYSICAL DESCRIPTION
Number of Pages 68
500 ## - GENERAL NOTE
General note A study of the drinking water supply system in K.C.A.E.T campus - problems and solutions
520 ## - SUMMARY, ETC.
Summary, etc A study of the drinking water supply system in K.C.A.E.T campus - problems and solutions
700 ## - ADDED ENTRY--PERSONAL NAME
Personal name Archa Devarajan
700 ## - ADDED ENTRY--PERSONAL NAME
Personal name Bincy A. L
700 ## - ADDED ENTRY--PERSONAL NAME
Personal name Nisha V. S
700 ## - ADDED ENTRY--PERSONAL NAME
Personal name Er. Vishnu B (Guide)
856 ## - ELECTRONIC LOCATION AND ACCESS
Uniform Resource Identifier https://drive.google.com/open?id=1xHYtTvBlOIflmyKqI30xxPpgtG03_qAp
942 ## - ADDED ENTRY ELEMENTS (KOHA)
Koha item type Project Report
Holdings
Collection code Home library Current library Shelving location Full call number Accession Number Koha item type
Reference KAUAET KAUAET Reference 631.75807 AIS/A P 226 Project Report
free website counter